The royal route to heaven. (Record no. 15869)

000 -LEADER
fixed length control field 00567nam a2200169 a 4500
001 - CONTROL NUMBER
control field :::00018313$&:&@@
003 - CONTROL NUMBER IDENTIFIER
control field OkBaRHE
005 - DATE AND TIME OF LATEST TRANSACTION
control field 20010926131118.0
008 - FIXED-LENGTH DATA ELEMENTS--GENERAL INFORMATION
fixed length control field s1960 j 000 0 eng u
040 ## - CATALOGING SOURCE
Transcribing agency
100 1# - MAIN ENTRY--PERSONAL NAME
Personal name Redpath, Alan
245 14 - TITLE STATEMENT
Title The royal route to heaven.
260 ## - PUBLICATION, DISTRIBUTION, ETC. (IMPRINT)
Place of publication, distribution, etc Westwood, NJ
Name of publisher, distributor, etc Fleming H. Revell
Date of publication, distribution, etc 1960
942 ## - ADDED ENTRY ELEMENTS (KOHA)
Source of classification or shelving scheme
Koha item type Books
Copies
Damaged status Shelving location Source of classification or shelving scheme Date acquired Price effective from Barcode Full call number Withdrawn status Not for loan Date last seen Copy number Permanent Location Koha item type Lost status
 General Stacks 2010-04-142010-04-1418313BS 2675.3 .R4  2018-04-031RHEMA Bible Training CollegeBooks 
 General Stacks 2010-04-142010-04-1419614BS 2675.3 .R4  2018-04-032RHEMA Bible Training CollegeBooks